000 00624nam a2200241 i 4500
001 C2-0271341
003 PPAK
005 20180728001345.0
008 060809s1996 at |||| ||||| | eng d
020 _a0958771855
040 _aPPAK
_beng
_cPPAK
_erda
082 0 4 _a823
_223
090 0 0 _a823
_bWAN
_dG
100 1 _aWanasita, Harumi,
_eauthor
245 1 0 _aBarefoot guerrillas
264 1 _aAustralia :
_bIndra Publishing ,
_c1996
300 _a371 pages ;
_c22 cm
336 _2rdacontent
_atext
337 _2rdamedia
_aunmediated
338 _2rdacarrier
_avolume
650 1 0 _aEnglish fiction.
942 _ddc
_cB
999 _c79635
_d79635